Statistics for Anchorman Quotes

Click here to take the quiz!

General Stats

  • This quiz has been taken 7,916 times
    (3,991 since last reset)
  • The average score is 12 of 21

Answer Stats

CharacterAnswer% Correct
Ron BurgundyWell, that escalated {quickly}.
90%
Ron BurgundyI don't know how to put this but I'm kind of a {big} {deal}.
88%
Ron BurgundyYou stay {classy}, San Diego.
88%
Brian FantanaThey've done studies, you know. 60% of the time
it works {every} {time}.
69%
Ron BurgundyI love scotch. Scotchy, scotch, scotch. Here it goes
down, down into my {belly}.
68%
Brick TamlandI love {lamp}.
67%
Brick TamlandI would like to extend to you an invitation
to the {pants} party.
63%
Brian Fantana(talking about his cologne) It's made with bits of
real {panther} so you know it's good.
61%
Ron BurgundyI have many leather bound books and my
apartment smells of rich {mahogany}.
59%
Brick TamlandThere were horses, and a man on fire, and I
killed a guy with a {trident}.
57%
Ron BurgundyBy the beard of {Zeus}.
56%
Ron Burgundy(to his dog) You know I don't speak {Spanish}.
54%
Ron BurgundyI'm in a glass case of {emotion}.
53%
Ron BurgundyIt's so damn hot... {milk} was a bad choice.
51%
Veronica Corningstone{Jazz} flute is for little fairy boys.
51%
Ron BurgundyKnights of {Columbus}, that hurt!
39%
Ron BurgundyI've just been handed an urgent and horrifying
news story. I need all of you to stop what you're
doing and listen. {Cannonball}!
34%
Ron Burgundy(warming up his voice) {Unique} New York.
32%
Veronica CorningstoneTake me to {Pleasure} Town.
31%
Champ KindI will take your mother, Dorothy Mantooth, out for a
nice {seafood} dinner and never call her again!
27%
Champ KindIt is anchorman, not anchorlady. And that
is a {scientific} fact.
23%

Score Distribution

Percentile by Number Answered

Percent of People with Each Score

Your Score History

You have not taken this quiz since the last reset